[Event "Hastings Challengers 1995/96"]
[Site "Hastings"]
[Date "1995.12.31"]
[Round "4"]
[White "Flear, Glenn C"]
[Black "Ledger, Stephen C"]
[Result "1-0"]
[WhiteElo "2495"]
[BlackElo "2260"]
[PlyCount "83"]
[EventDate "1995.12.28"]
[EventType "swiss"]
[EventRounds "11"]
[EventCountry "ENG"]
[SourceTitle "BritBase"]
[Source "John Saunders"]
[SourceDate "2025.01.31"]
[SourceVersion "1"]
[SourceVersionDate "2025.01.31"]
[SourceQuality "1"]

1. d4 Nf6 2. c4 c5 3. d5 b5 4. cxb5 a6 5. bxa6 Bxa6 6. Nc3 g6 7. Nf3 d6 8. e4 Bxf1 9. Kxf1 Nbd7 10. g3 Bg7 11. Kg2 O-O 12. Re1 Qb6 13. h3 Rfb8 14. Re2 Rb7 15. Bg5 h6 16. Bd2 Ne8 17. b3 Nc7 18. Rc1 Nb5 19. Nxb5 Qxb5 20. Bc3 Ra3 21. Bxg7 Kxg7 22. Rcc2 Rba7 23. e5 dxe5 24. Nxe5 Nxe5 25. Rxe5 Qb6 26. Qf3 Qd6 27. Ree2 R7a5 28. Qe4 e6 29. dxe6 Qxe6 30. Qxe6 fxe6 31. Rxe6 Rxa2 32. Rc3 Rb2 33. Rf3 Raa2 34. Re7+ Kg8 35. Re6 Kg7 36. h4 Re2 37. Rc6 Rac2 38. Rc7+ Kg8 39. Rf6 g5 40. hxg5 hxg5 41. Rf5 g4 42. Rf4 1-0

[Event "Hastings Challengers 1995/96"]
[Site "Hastings"]
[Date "1995.12.31"]
[Round "4"]
[White "Giddins, Stephen W"]
[Black "Richardson, Kevin Derek"]
[Result "1-0"]
[WhiteElo "2345"]
[BlackElo "2170"]
[PlyCount "73"]
[EventDate "1995.12.28"]
[EventType "swiss"]
[EventRounds "11"]
[EventCountry "ENG"]
[SourceTitle "BritBase"]
[Source "John Saunders"]
[SourceDate "2025.01.31"]
[SourceVersion "1"]
[SourceVersionDate "2025.01.31"]
[SourceQuality "1"]

1. d4 Nf6 2. c4 g6 3. Nc3 Bg7 4. e4 d6 5. Be2 O-O 6. Nf3 e5 7. d5 Na6 8. Bg5 Qe8 9. Nd2 Nd7 10. a3 f6 11. Bh4 Bh6 12. b4 Qf7 13. O-O f5 14. f3 Be3+ 15. Bf2 Bxf2+ 16. Rxf2 Kh8 17. c5 Nf6 18. Nc4 Ne8 19. exf5 gxf5 20. f4 e4 21. Qd4+ Qf6 22. Qxf6+ Rxf6 23. c6 bxc6 24. dxc6 Nb8 25. Na5 d5 26. Nxd5 Rd6 27. Rd1 Be6 28. Ne3 a6 29. Rff1 Kg7 30. h3 Ra7 31. g4 Nf6 32. Bc4 fxg4 33. Rxd6 Bxc4 34. Rd8 Bxf1 35. Kxf1 Ra8 36. hxg4 Ng8 37. Nd5 1-0

[Event "Hastings Challengers 1995/96"]
[Site "Hastings"]
[Date "1995.12.31"]
[Round "4"]
[White "Gottschlich, Carsten"]
[Black "Suetin, Alexey S"]
[Result "0-1"]
[WhiteElo "2170"]
[BlackElo "2445"]
[PlyCount "69"]
[EventDate "1995.12.28"]
[EventType "swiss"]
[EventRounds "11"]
[EventCountry "ENG"]
[SourceTitle "BritBase"]
[Source "John Saunders"]
[SourceDate "2025.01.31"]
[SourceVersion "1"]
[SourceVersionDate "2025.01.31"]
[SourceQuality "1"]

1. c4 e5 2. Nc3 Nc6 3. g3 g6 4. Bg2 Bg7 5. Rb1 f5 6. d3 Nf6 7. e3 O-O 8. Nge2 a5 9. a3 Ne7 10. O-O c6 11. f4 d6 12. b4 axb4 13. axb4 Be6 14. c5 Ned5 15. Bd2 Bf7 16. Qc2 exf4 17. Nxf4 dxc5 18. bxc5 Ra7 19. Ncxd5 Nxd5 20. Nxd5 Bxd5 21. Bxd5+ Qxd5 22. Rb3 Rd8 23. Rfb1 Rd7 24. Bc1 h5 25. Bb2 Ra2 26. Qc4 Qxc4 27. dxc4 Rd2 28. Bxg7 Rg2+ 29. Kf1 Raf2+ 30. Ke1 Rc2 31. Kd1 Rgd2+ 32. Ke1 Rxh2 33. Kd1 Kxg7 34. Rxb7+ Kh6 35. Rd7 0-1

[Event "Hastings Challengers 1995/96"]
[Site "Hastings"]
[Date "1995.12.31"]
[Round "4"]
[White "Grinsell, Lee A"]
[Black "Muir, Andrew Joseph"]
[Result "1/2-1/2"]
[WhiteElo "2130"]
[BlackElo "2315"]
[PlyCount "79"]
[EventDate "1995.12.28"]
[EventType "swiss"]
[EventRounds "11"]
[EventCountry "ENG"]
[SourceTitle "BritBase"]
[Source "John Saunders"]
[SourceDate "2025.01.31"]
[SourceVersion "1"]
[SourceVersionDate "2025.01.31"]
[SourceQuality "1"]

1. e4 e6 2. d4 d5 3. Nc3 Nf6 4. Bg5 Be7 5. e5 Nfd7 6. Bxe7 Qxe7 7. Nf3 a6 8. Bd3 c5 9. dxc5 Nc6 10. Qe2 Nxc5 11. O-O b5 12. a3 O-O 13. b4 Nxd3 14. cxd3 a5 15. Nxb5 axb4 16. a4 Bd7 17. Qb2 Ra5 18. Nd2 Rfa8 19. Nc7 Rc8 20. Nb5 Na7 21. Nb3 Ra6 22. Nd6 Rc3 23. d4 Nc6 24. Rfc1 Rxc1+ 25. Qxc1 f6 26. f4 fxe5 27. fxe5 Na5 28. Nc5 Rb6 29. Nxd7 Qxd7 30. Qc5 Qd8 31. Qxa5 Rxd6 32. Qxb4 Rb6 33. Qc5 Qb8 34. Qc2 Rb2 35. Qd1 Qb4 36. Rc1 g6 37. Rc8+ Kg7 38. Rc7+ Kg8 39. Rc8+ Kg7 40. Rc7+ 1/2-1/2

[Event "Hastings Challengers 1995/96"]
[Site "Hastings"]
[Date "1995.12.31"]
[Round "4"]
[White "Hebden, Mark L"]
[Black "Trzaska, Peter"]
[Result "1-0"]
[WhiteElo "2570"]
[BlackElo "2200"]
[PlyCount "44"]
[EventDate "1995.12.28"]
[EventType "swiss"]
[EventRounds "11"]
[EventCountry "ENG"]
[SourceTitle "BritBase"]
[Source "John Saunders"]
[SourceDate "2025.01.31"]
[SourceVersion "1"]
[SourceVersionDate "2025.01.31"]
[SourceQuality "1"]

1. e4 d5 2. exd5 Nf6 3. c4 c6 4. d4 cxd5 5. Nc3 g6 6. Qb3 Bg7 7. cxd5 O-O 8. Be2 a5 9. Nf3 Na6 10. Bg5 Bf5 11. a3 Ne4 12. Bf4 Nxc3 13. bxc3 Be4 14. Qxb7 Bxd5 15. Qb2 Nc7 16. O-O Ra7 17. Qd2 Qa8 18. Bh6 Rb8 19. Bxg7 Kxg7 20. c4 Be4 21. d5 Bf5 22. Nd4 Rb6 1-0

[Event "Hastings Challengers 1995/96"]
[Site "Hastings"]
[Date "1995.12.31"]
[Round "4"]
[White "Hirsch, Stefan"]
[Black "Kelly, Brian R"]
[Result "1/2-1/2"]
[WhiteElo "2235"]
[BlackElo "2300"]
[PlyCount "123"]
[EventDate "1995.12.28"]
[EventType "swiss"]
[EventRounds "11"]
[EventCountry "ENG"]
[SourceTitle "BritBase"]
[Source "John Saunders"]
[SourceDate "2025.01.31"]
[SourceVersion "1"]
[SourceVersionDate "2025.01.31"]
[SourceQuality "1"]

1. d4 d5 2. Nf3 Nf6 3. Bg5 Ne4 4. Bf4 c6 5. e3 Qb6 6. Qc1 Bf5 7. c3 e6 8. Nbd2 Nd7 9. Be2 Be7 10. Ne5 Nxe5 11. Bxe5 O-O 12. O-O c5 13. Nxe4 Bxe4 14. Qd2 Rac8 15. Rac1 Rfd8 16. a3 c4 17. f3 Bg6 18. Rce1 Qc6 19. Bd1 b5 20. e4 dxe4 21. fxe4 Bxe4 22. Qf4 Bg6 23. Bc2 f6 24. Bxg6 hxg6 25. Qh4 Re8 26. Bg3 Kf7 27. Re3 Rh8 28. Qg4 f5 29. Qe2 Bf6 30. Re1 Rhe8 31. Be5 Rcd8 32. Qf2 Rc8 33. Qe2 Bg5 34. Rg3 Bh4 35. Qe3 Bxg3 36. Bxg3 Rh8 37. d5 Qc5 38. dxe6+ Ke7 39. Bf4 Qxe3+ 40. Rxe3 Rh5 41. h4 Rc6 42. Bg5+ Rxg5 43. hxg5 Rd6 44. Re5 a6 45. Kf2 f4 46. Kf3 Rd2 47. Rc5 Rxb2 48. Kxf4 Kxe6 49. Rc6+ Kd5 50. Rxg6 Rf2+ 51. Kg3 Rc2 52. Rxg7 Rxc3+ 53. Kf4 Rxa3 54. g6 Ke6 55. Rd7 Ra2 56. Kf3 Ra3+ 57. Kg4 Ra2 58. g3 Kxd7 59. g7 c3 60. g8=Q c2 61. Qd5+ Kc7 62. Qe5+ 1/2-1/2

[Event "Hastings Challengers 1995/96"]
[Site "Hastings"]
[Date "1995.12.31"]
[Round "4"]
[White "Jakubovics, Nicholas S"]
[Black "Bryson, Douglas Marshall"]
[Result "0-1"]
[WhiteElo "2220"]
[BlackElo "2405"]
[PlyCount "46"]
[EventDate "1995.12.28"]
[EventType "swiss"]
[EventRounds "11"]
[EventCountry "ENG"]
[SourceTitle "BritBase"]
[Source "John Saunders"]
[SourceDate "2025.01.31"]
[SourceVersion "1"]
[SourceVersionDate "2025.01.31"]
[SourceQuality "1"]

1. e4 d5 2. exd5 Nf6 3. d4 Nxd5 4. Nf3 Bg4 5. h3 Bh5 6. g4 Bg6 7. Ne5 Nc6 8. Nxg6 hxg6 9. c4 Ndb4 10. d5 Nd4 11. Na3 e5 12. Bg2 Qf6 13. O-O O-O-O 14. Be3 Bc5 15. Nb5 Nbc2 16. Rc1 e4 17. Rxc2 Nf3+ 18. Bxf3 exf3 19. Bd4 Rxh3 20. Bxf6 gxf6 21. Nd4 Bxd4 22. Re1 Rdh8 23. Re8+ Rxe8 0-1

[Event "Hastings Challengers 1995/96"]
[Site "Hastings"]
[Date "1995.12.31"]
[Round "4"]
[White "Lalic, Susan Kathryn"]
[Black "Dodgson, John A"]
[Result "1/2-1/2"]
[WhiteElo "2315"]
[BlackElo "2130"]
[PlyCount "57"]
[EventDate "1995.12.28"]
[EventType "swiss"]
[EventRounds "11"]
[EventCountry "ENG"]
[SourceTitle "BritBase"]
[Source "John Saunders"]
[SourceDate "2025.01.31"]
[SourceVersion "1"]
[SourceVersionDate "2025.01.31"]
[SourceQuality "1"]

1. e4 c5 2. c3 d5 3. exd5 Qxd5 4. d4 Nf6 5. Nf3 Nc6 6. Be2 e6 7. O-O cxd4 8. Nxd4 Nxd4 9. cxd4 Be7 10. Nc3 Qd6 11. Nb5 Qd8 12. Bf4 Nd5 13. Rc1 O-O 14. Be5 Bd7 15. Nc7 Rc8 16. Nxd5 exd5 17. Qb3 Rxc1 18. Rxc1 Bc6 19. Bb5 Qd7 20. Bxc6 Rc8 21. Qg3 Bf8 22. h4 Rxc6 23. Rxc6 Qxc6 24. h5 Qc1+ 25. Kh2 Qxb2 26. Bxg7 Bxg7 27. Qb8+ Bf8 28. Qg3+ Bg7 29. Qb8+ 1/2-1/2

[Event "Hastings Challengers 1995/96"]
[Site "Hastings"]
[Date "1995.12.31"]
[Round "4"]
[White "Ledger, Andrew J"]
[Black "Bouchaud, Vincent"]
[Result "1-0"]
[WhiteElo "2410"]
[BlackElo "2180"]
[PlyCount "59"]
[EventDate "1995.12.28"]
[EventType "swiss"]
[EventRounds "11"]
[EventCountry "ENG"]
[SourceTitle "BritBase"]
[Source "John Saunders"]
[SourceDate "2025.01.31"]
[SourceVersion "1"]
[SourceVersionDate "2025.01.31"]
[SourceQuality "1"]

1. e4 Nc6 2. Nc3 Nf6 3. d4 d6 4. f4 e6 5. Be3 d5 6. e5 Ng8 7. Nf3 Be7 8. a3 Nh6 9. Bd3 Nf5 10. Bf2 g6 11. Qe2 a6 12. g4 Nh4 13. O-O-O Nxf3 14. Qxf3 b5 15. Ne2 Bb7 16. f5 Qd7 17. f6 Bf8 18. h4 Na5 19. h5 Bh6+ 20. Kb1 O-O-O 21. Be3 Bxe3 22. Qxe3 Nc4 23. Qh6 c5 24. hxg6 fxg6 25. dxc5 Qc7 26. Nd4 Qxe5 27. Bxc4 dxc4 28. c6 Ba8 29. Qg7 Rhg8 30. Qa7 1-0

[Event "Hastings Challengers 1995/96"]
[Site "Hastings"]
[Date "1995.12.31"]
[Round "4"]
[White "Lyell, Mark"]
[Black "Parker, Jonathan F"]
[Result "1/2-1/2"]
[WhiteElo "2265"]
[BlackElo "2415"]
[PlyCount "80"]
[EventDate "1995.12.28"]
[EventType "swiss"]
[EventRounds "11"]
[EventCountry "ENG"]
[SourceTitle "BritBase"]
[Source "John Saunders"]
[SourceDate "2025.01.31"]
[SourceVersion "1"]
[SourceVersionDate "2025.01.31"]
[SourceQuality "1"]

1. e4 e5 2. Nf3 Nc6 3. d4 exd4 4. Nxd4 Nge7 5. Bc4 g6 6. Nc3 Bg7 7. Be3 O-O 8. Qd2 Na5 9. Be2 d5 10. O-O-O c5 11. Nf3 d4 12. Na4 b6 13. Bh6 Bd7 14. Bxg7 Kxg7 15. Nc3 dxc3 16. Qxd7 cxb2+ 17. Kxb2 Nec6 18. Qxd8 Raxd8 19. Kc3 Rde8 20. e5 Nxe5 21. Bb5 Re6 22. Nxe5 Rxe5 23. Rd7 Ra8 24. Rhd1 a6 25. Bf1 b5 26. Rc7 b4+ 27. Kb2 c4 28. Bxc4 Nxc4+ 29. Rxc4 Re2 30. Rf1 Rd8 31. g4 a5 32. h4 Rd5 33. f4 h5 34. f5 gxf5 35. gxf5 Kf6 36. Rc6+ Ke5 37. Rc7 Kf6 38. Rc6+ Ke5 39. Rc7 Kd6 40. Rc6+ Ke5 1/2-1/2

[Event "Hastings Challengers 1995/96"]
[Site "Hastings"]
[Date "1995.12.31"]
[Round "4"]
[White "Malaniuk, Vladimir P"]
[Black "McShane, Luke J"]
[Result "1-0"]
[WhiteElo "2580"]
[BlackElo "2170"]
[PlyCount "105"]
[EventDate "1995.12.28"]
[EventType "swiss"]
[EventRounds "11"]
[EventCountry "ENG"]
[SourceTitle "BritBase"]
[Source "John Saunders"]
[SourceDate "2025.01.31"]
[SourceVersion "1"]
[SourceVersionDate "2025.01.31"]
[SourceQuality "1"]

1. d4 Nf6 2. Nf3 g6 3. c3 Bg7 4. Bg5 O-O 5. Nbd2 d6 6. e4 Nbd7 7. Bc4 e5 8. O-O c6 9. Bb3 Qc7 10. Re1 Re8 11. Bh4 b5 12. Bc2 Bb7 13. a4 a6 14. Bd3 Nb6 15. b3 Nfd7 16. Bg3 Qd8 17. Nf1 Nf8 18. Ne3 Nbd7 19. Nc2 Qb6 20. Ra2 Ne6 21. Bf1 c5 22. d5 Nc7 23. Ne3 Nf6 24. Qd3 Reb8 25. Nd2 Bc8 26. Rea1 Bd7 27. f3 Qb7 28. Bf2 Nfe8 29. g3 Rc8 30. f4 exf4 31. gxf4 b4 32. cxb4 Bxa1 33. Rxa1 Qxb4 34. Nec4 a5 35. Bg2 Qb8 36. e5 Bf5 37. Be4 Bxe4 38. Nxe4 dxe5 39. d6 exf4 40. Qf3 Rd8 41. dxc7 Qxc7 42. Rc1 Rd5 43. Ncd6 Qe7 44. Nxe8 Rxe8 45. Nf6+ Qxf6 46. Qxd5 f3 47. Re1 Rd8 48. Qe5 Qa6 49. Qxc5 Qd3 50. Qb5 Qc3 51. Re8+ Rxe8 52. Qxe8+ Kg7 53. Qe3 1-0

[Event "Hastings Challengers 1995/96"]
[Site "Hastings"]
[Date "1995.12.31"]
[Round "4"]
[White "Marusenko, Petr"]
[Black "Fox, Anthony"]
[Result "1-0"]
[WhiteElo "2305"]
[BlackElo "2125"]
[PlyCount "87"]
[EventDate "1995.12.28"]
[EventType "swiss"]
[EventRounds "11"]
[EventCountry "ENG"]
[SourceTitle "BritBase"]
[Source "John Saunders"]
[SourceDate "2025.01.31"]
[SourceVersion "1"]
[SourceVersionDate "2025.01.31"]
[SourceQuality "1"]

1. e4 e5 2. Nf3 Nc6 3. Bc4 Nf6 4. Ng5 d5 5. exd5 Na5 6. Bb5+ c6 7. dxc6 bxc6 8. Bd3 h6 9. Ne4 Nd5 10. Nbc3 Nf4 11. Bf1 Ne6 12. d3 Be7 13. Be2 O-O 14. O-O f5 15. Ng3 Qc7 16. Re1 Rb8 17. Bf1 Bd6 18. a3 Bd7 19. b3 Nb7 20. Bb2 Rbe8 21. Nb1 Ng5 22. Nd2 Be6 23. h4 Nh7 24. Nf3 Bd7 25. Qe2 e4 26. dxe4 Bxg3 27. fxg3 Rxe4 28. Qf2 Nf6 29. Qxa7 Bc8 30. Be5 Qe7 31. Bd3 Rxe1+ 32. Rxe1 Ne4 33. b4 Re8 34. Qd4 c5 35. Qd5+ Be6 36. Qc6 cxb4 37. axb4 Kh8 38. Bxe4 fxe4 39. Qxe4 Qd7 40. Nd4 Bf7 41. Qf4 Kg8 42. Nf5 Bg6 43. Nxg7 Rf8 44. Qxh6 1-0

[Event "Hastings Challengers 1995/96"]
[Site "Hastings"]
[Date "1995.12.31"]
[Round "4"]
[White "McNab, Colin Anderson"]
[Black "Damm, Fabian"]
[Result "1/2-1/2"]
[WhiteElo "2440"]
[BlackElo "2205"]
[PlyCount "75"]
[EventDate "1995.12.28"]
[EventType "swiss"]
[EventRounds "11"]
[EventCountry "ENG"]
[SourceTitle "BritBase"]
[Source "John Saunders"]
[SourceDate "2025.01.31"]
[SourceVersion "1"]
[SourceVersionDate "2025.01.31"]
[SourceQuality "1"]

1. c4 Nf6 2. Nf3 Nc6 3. Nc3 e5 4. a3 a5 5. e3 g6 6. d4 d6 7. h3 Bf5 8. g4 Bd7 9. d5 Nb8 10. e4 Na6 11. Be3 Bg7 12. Bd3 h6 13. Bc2 b6 14. Qe2 Nh7 15. O-O-O Nf8 16. Nd2 Bf6 17. Rdf1 g5 18. Rfg1 Ng6 19. Nf1 Nf4 20. Qd1 h5 21. Ng3 Nxh3 22. Rxh3 Bxg4 23. Qf1 Bxh3 24. Qxh3 g4 25. Qh2 Bg5 26. Nxh5 Bxe3+ 27. fxe3 Qg5 28. Rxg4 Qxe3+ 29. Qd2 Qxd2+ 30. Kxd2 Ke7 31. Ng3 Rh2+ 32. Nce2 Nc5 33. Rg5 Rah8 34. Ke3 Nd7 35. Rf5 Nf6 36. Rf3 Ng4+ 37. Kd2 Rg2 38. Nf5+ 1/2-1/2

[Event "Hastings Challengers 1995/96"]
[Site "Hastings"]
[Date "1995.12.31"]
[Round "4"]
[White "Moss, Robin BW"]
[Black "Haslinger, Mandy S"]
[Result "1-0"]
[WhiteElo "2265"]
[BlackElo "2060"]
[PlyCount "67"]
[EventDate "1995.12.28"]
[EventType "swiss"]
[EventRounds "11"]
[EventCountry "ENG"]
[SourceTitle "BritBase"]
[Source "John Saunders"]
[SourceDate "2025.01.31"]
[SourceVersion "1"]
[SourceVersionDate "2025.01.31"]
[SourceQuality "1"]

1. e4 c6 2. d4 d5 3. Nc3 dxe4 4. Nxe4 Nf6 5. Nxf6+ exf6 6. c3 Bd6 7. Bd3 Be6 8. Ne2 Nd7 9. Bf4 Qc7 10. Qd2 O-O 11. c4 Rad8 12. Rd1 Rfe8 13. O-O Bxf4 14. Nxf4 Nb6 15. b3 g6 16. Bb1 Qc8 17. Rfe1 Rd7 18. h4 Rdd8 19. h5 g5 20. Nxe6 fxe6 21. f4 g4 22. f5 Re7 23. Qf4 e5 24. dxe5 Rxd1 25. Qxg4+ Kh8 26. Qxd1 fxe5 27. Qd6 Qe8 28. Qf6+ Kg8 29. Re3 Rg7 30. h6 Rg4 31. Rxe5 Qd7 32. Qe6+ Qxe6 33. fxe6 Kf8 34. e7+ 1-0

[Event "Hastings Challengers 1995/96"]
[Site "Hastings"]
[Date "1995.12.31"]
[Round "4"]
[White "Plaskett, H James"]
[Black "Tseitlin, Mikhail S"]
[Result "1/2-1/2"]
[WhiteElo "2465"]
[BlackElo "2435"]
[PlyCount "50"]
[EventDate "1995.12.28"]
[EventType "swiss"]
[EventRounds "11"]
[EventCountry "ENG"]
[SourceTitle "BritBase"]
[Source "John Saunders"]
[SourceDate "2025.01.31"]
[SourceVersion "1"]
[SourceVersionDate "2025.01.31"]
[SourceQuality "1"]

1. d4 Nf6 2. c4 g6 3. Nc3 Bg7 4. e4 O-O 5. Be3 c6 6. e5 Ne8 7. f4 d6 8. Nf3 Bg4 9. h3 Bxf3 10. Qxf3 dxe5 11. dxe5 f6 12. exf6 Nxf6 13. Be2 Nh5 14. Qg4 e5 15. fxe5 Na6 16. Bf3 Qd3 17. Qe4 Nb4 18. Rd1 Nc2+ 19. Kf2 Qxe3+ 20. Qxe3 Nxe3 21. Kxe3 Bxe5 22. Rd7 Rae8 23. Ne4 Ng3 24. Nxg3 Bxg3+ 25. Kd3 Rd8 1/2-1/2

[Event "Hastings Challengers 1995/96"]
[Site "Hastings"]
[Date "1995.12.31"]
[Round "4"]
[White "Purkiss, William"]
[Black "Straeter, Timo"]
[Result "0-1"]
[WhiteElo "2125"]
[BlackElo "2310"]
[PlyCount "50"]
[EventDate "1995.12.28"]
[EventType "swiss"]
[EventRounds "11"]
[EventCountry "ENG"]
[SourceTitle "BritBase"]
[Source "John Saunders"]
[SourceDate "2025.01.31"]
[SourceVersion "1"]
[SourceVersionDate "2025.01.31"]
[SourceQuality "1"]

1. e4 e6 2. d4 d5 3. Nc3 Nf6 4. Bg5 Be7 5. e5 Nfd7 6. Bxe7 Qxe7 7. f4 O-O 8. Qh5 c5 9. Nf3 f6 10. Bd3 g6 11. Qh6 Nc6 12. O-O cxd4 13. Nb5 fxe5 14. Bxg6 Rf6 15. Nh4 hxg6 16. fxe5 Ndxe5 17. Rxf6 Qxf6 18. Rf1 Qg7 19. Qg5 Bd7 20. Nd6 Rf8 21. Rxf8+ Qxf8 22. Nxb7 Qb4 23. h3 Kg7 24. Nd8 Qe1+ 25. Kh2 Qe3 0-1

[Event "Hastings Challengers 1995/96"]
[Site "Hastings"]
[Date "1995.12.31"]
[Round "4"]
[White "Quinn, Mark"]
[Black "Christensen, Esben"]
[Result "1/2-1/2"]
[WhiteElo "2360"]
[BlackElo "2175"]
[PlyCount "50"]
[EventDate "1995.12.28"]
[EventType "swiss"]
[EventRounds "11"]
[EventCountry "ENG"]
[SourceTitle "BritBase"]
[Source "John Saunders"]
[SourceDate "2025.01.31"]
[SourceVersion "1"]
[SourceVersionDate "2025.01.31"]
[SourceQuality "1"]

1. c4 Nf6 2. Nc3 g6 3. e4 d6 4. d4 Nbd7 5. Bd3 e5 6. d5 Bg7 7. h3 O-O 8. g4 Nc5 9. Bc2 a5 10. Nge2 c6 11. Be3 cxd5 12. cxd5 Bd7 13. a3 a4 14. f3 b5 15. Kf2 Rb8 16. Na2 Ne8 17. Ng3 Qh4 18. Qd2 h6 19. Kg2 Kh7 20. Bf2 Qd8 21. h4 Nb3 22. Bxb3 axb3 23. Nb4 f5 24. exf5 gxf5 25. Nxf5 Qf6 1/2-1/2

[Event "Hastings Challengers 1995/96"]
[Site "Hastings"]
[Date "1995.12.31"]
[Round "4"]
[White "Radovanovic, Jovica"]
[Black "Tagnon, Nicole"]
[Result "0-1"]
[WhiteElo "2280"]
[BlackElo "2105"]
[PlyCount "72"]
[EventDate "1995.12.28"]
[EventType "swiss"]
[EventRounds "11"]
[EventCountry "ENG"]
[SourceTitle "BritBase"]
[Source "John Saunders"]
[SourceDate "2025.01.31"]
[SourceVersion "1"]
[SourceVersionDate "2025.01.31"]
[SourceQuality "1"]

1. e4 c5 2. Nf3 e6 3. d4 cxd4 4. Nxd4 a6 5. Nc3 b5 6. Bd3 Bb7 7. O-O Ne7 8. Bg5 h6 9. Be3 Nec6 10. Nxc6 Nxc6 11. Qh5 Nb4 12. f4 Nxd3 13. cxd3 Be7 14. Rf3 g6 15. Qh3 Rc8 16. Rf2 Bh4 17. Rff1 Bf6 18. f5 gxf5 19. exf5 Bxc3 20. bxc3 Rg8 21. Rf2 Rxc3 22. Bd4 Rc8 23. Re1 Bd5 24. Qxh6 Qg5 25. Qxg5 Rxg5 26. Bf6 Rg4 27. h4 Kf8 28. h5 Kg8 29. Kh2 Kh7 30. fxe6 fxe6 31. Kh3 Rcg8 32. Be5 Bxg2+ 33. Kh2 Rh4+ 34. Kg1 Bh3+ 35. Bg3 Rxg3+ 36. Kh2 Rg7 0-1

[Event "Hastings Challengers 1995/96"]
[Site "Hastings"]
[Date "1995.12.31"]
[Round "4"]
[White "Rause, Olita"]
[Black "Pert, Nicholas"]
[Result "0-1"]
[WhiteElo "2320"]
[BlackElo "2160"]
[PlyCount "40"]
[EventDate "1995.12.28"]
[EventType "swiss"]
[EventRounds "11"]
[EventCountry "ENG"]
[SourceTitle "BritBase"]
[Source "John Saunders"]
[SourceDate "2025.01.31"]
[SourceVersion "1"]
[SourceVersionDate "2025.01.31"]
[SourceQuality "1"]

1. e4 e6 2. d4 d5 3. Nc3 Bb4 4. Nge2 dxe4 5. a3 Be7 6. Nxe4 Bd7 7. Bf4 Bc6 8. Qd3 Nd7 9. N2c3 Ngf6 10. f3 O-O 11. O-O-O Nd5 12. Nxd5 Bxd5 13. c4 Bxe4 14. Qxe4 c6 15. Bd3 Nf6 16. Qe5 b5 17. cxb5 cxb5 18. Bxb5 Nd5 19. Bd2 Qb6 20. a4 a6 0-1

[Event "Hastings Challengers 1995/96"]
[Site "Hastings"]
[Date "1995.12.31"]
[Round "4"]
[White "Sher, Miron Naumovich"]
[Black "Howell, Christopher I"]
[Result "1-0"]
[WhiteElo "2510"]
[BlackElo "2080"]
[PlyCount "109"]
[EventDate "1995.12.28"]
[EventType "swiss"]
[EventRounds "11"]
[EventCountry "ENG"]
[SourceTitle "BritBase"]
[Source "John Saunders"]
[SourceDate "2025.01.31"]
[SourceVersion "1"]
[SourceVersionDate "2025.01.31"]
[SourceQuality "1"]

1. c4 Nf6 2. Nc3 g6 3. e4 d6 4. d4 Bg7 5. Nf3 O-O 6. Be2 Nbd7 7. O-O e5 8. Qc2 exd4 9. Nxd4 Re8 10. Rd1 Nc5 11. f3 a5 12. Be3 Qe7 13. Ndb5 Be6 14. Bg5 h6 15. Bh4 g5 16. Bf2 Rad8 17. Rd2 c6 18. Nd4 Bc8 19. Nd1 Nfxe4 20. fxe4 Nxe4 21. Bf1 Nxd2 22. Qxd2 d5 23. c5 Qc7 24. Bg3 Be5 25. Bxe5 Rxe5 26. Nf2 b5 27. cxb6 Qxb6 28. Qc3 c5 29. Nc6 d4 30. Qxa5 Qxa5 31. Nxa5 Rde8 32. Nd3 Rf5 33. Nc4 Re6 34. Rc1 Ba6 35. b3 h5 36. Nf2 Bxc4 37. Bxc4 Re3 38. Nd3 h4 39. Rf1 Rxf1+ 40. Kxf1 h3 41. gxh3 Rxh3 42. Kg1 Kf8 43. a4 Ke7 44. Nxc5 g4 45. a5 Kd6 46. Nd3 f5 47. a6 Kc7 48. Nf4 Rh8 49. b4 Kb8 50. b5 Rc8 51. Bd3 Ka7 52. Nd5 Rc1+ 53. Kf2 Ra1 54. b6+ Kb8 55. Nb4 1-0

[Event "Hastings Challengers 1995/96"]
[Site "Hastings"]
[Date "1995.12.31"]
[Round "4"]
[White "Franklin, Michael J"]
[Black "Prange, Stefan"]
[Result "1/2-1/2"]
[WhiteElo "2260"]
[BlackElo "2055"]
[PlyCount "41"]
[EventDate "1995.12.28"]
[EventType "swiss"]
[EventRounds "11"]
[EventCountry "ENG"]
[SourceTitle "BritBase"]
[Source "John Saunders"]
[SourceDate "2025.01.31"]
[SourceVersion "1"]
[SourceVersionDate "2025.01.31"]
[SourceQuality "1"]

1. c4 Nf6 2. Nc3 c5 3. e4 d6 4. d3 g6 5. g3 Bg7 6. Bg2 Nc6 7. Nge2 O-O 8. O-O a6 9. h3 Ne8 10. f4 f5 11. Be3 Nd4 12. Qd2 Rb8 13. Rad1 e5 14. Nd5 Be6 15. exf5 gxf5 16. fxe5 dxe5 17. Nxd4 cxd4 18. Bg5 Qd7 19. Rde1 Nc7 20. Nxc7 Qxc7 21. b3 1/2-1/2

[Event "Hastings Challengers 1995/96"]
[Site "Hastings"]
[Date "1995.12.31"]
[Round "4"]
[White "Stoeber, Michael"]
[Black "De Coverly, Roger D"]
[Result "1-0"]
[WhiteElo "2250"]
[BlackElo "2105"]
[PlyCount "71"]
[EventDate "1995.12.28"]
[EventType "swiss"]
[EventRounds "11"]
[EventCountry "ENG"]
[SourceTitle "BritBase"]
[Source "John Saunders"]
[SourceDate "2025.01.31"]
[SourceVersion "1"]
[SourceVersionDate "2025.01.31"]
[SourceQuality "1"]

1. d4 Nf6 2. c4 g6 3. Nc3 Bg7 4. e4 d6 5. f3 O-O 6. Bg5 c5 7. d5 e6 8. Qd2 exd5 9. cxd5 a6 10. a4 Nbd7 11. Nh3 Qa5 12. Ra3 Re8 13. Be2 Rb8 14. Nf2 Qc7 15. O-O c4 16. Rc1 b5 17. axb5 axb5 18. b4 Nf8 19. Be3 Bd7 20. Rca1 Rb7 21. f4 h5 22. h3 Qc8 23. Bf3 N6h7 24. Bd4 Qd8 25. Bxg7 Kxg7 26. Qd4+ Qf6 27. Qxf6+ Nxf6 28. Ra6 g5 29. fxg5 N6h7 30. Rxd6 Ng6 31. Bxh5 Nf4 32. g6 fxg6 33. Bf3 Ng5 34. Raa6 Nf7 35. Rf6 Ne5 36. Rxf4 {Source: Roger de  Coverly, 11 August 2024} 1-0